Out of bounds (Record no. 81298)

MARC details
000 -LEADER
fixed length control field 01232cad a22002535a 4500
001 - CONTROL NUMBER
control field E146815
008 - FIXED-LENGTH DATA ELEMENTS--GENERAL INFORMATION
fixed length control field 090302s2009 xxkad f s 000 0 eng d
035 ## - SYSTEM CONTROL NUMBER
System control number (Sirsi) u146815
041 0# - LANGUAGE CODE
Language code of text/sound track or separate title eng
100 1# - MAIN ENTRY--PERSONAL NAME
Personal name Smith, David
245 00 - TITLE STATEMENT
Title Out of bounds
Medium [electronic resource]
260 ## - PUBLICATION, DISTRIBUTION, ETC.
Date of publication, distribution, etc. 2009
490 ## - SERIES STATEMENT
Series statement RICS Residential Property Journal
Volume/sequential designation March-April 2009, 28-29(2)
520 ## - SUMMARY, ETC.
Summary, etc. Highlights issues to do with discrimination on the grounds of belief or sexual orientation in relation to property, which is covered by The Equality Act 2006. Discusses relevant case law , and suggests that property professionals would do well to be aware of discrimination law, since the consequences of an error can be severe.
520 ## - SUMMARY, ETC.
Summary, etc. Article is member-only content and members must be registered with www.rics.org to access it.
590 ## - LOCAL NOTE (RLIN)
Local note KA
650 24 - SUBJECT ADDED ENTRY--TOPICAL TERM
Topical term or geographic name entry element EQUALITY ACT 2006
650 24 - SUBJECT ADDED ENTRY--TOPICAL TERM
Topical term or geographic name entry element WILLIAMS V RICHMOND COURT (SWANSEA) LTD
650 24 - SUBJECT ADDED ENTRY--TOPICAL TERM
Topical term or geographic name entry element LEWISHAM V MALCOLM
651 #4 - SUBJECT ADDED ENTRY--GEOGRAPHIC NAME
Geographic name England and Wales
Chronological subdivision 1543-
690 ## - LOCAL SUBJECT ADDED ENTRY--TOPICAL TERM (OCLC, RLIN)
Topical term or geographic name as entry element MANAGEMENT-BUSINESS MANAGEMENT-DISCRIMINATION
856 40 - ELECTRONIC LOCATION AND ACCESS
Uniform Resource Identifier <a href="https://www.rics.org/site/download_feed.aspx?fileID=537">https://www.rics.org/site/download_feed.aspx?fileID=537</a>
Public note View the article free of charge (RICS member-only content) at www.rics.org...
942 ## - ADDED ENTRY ELEMENTS (KOHA)
Suppress in OPAC 0
Holdings
Withdrawn status Lost status Source of classification or shelving scheme Damaged status Not for loan Home library Current library Shelving location Date acquired Total Checkouts Full call number Barcode Date last seen Copy number Price effective from Koha item type
    Dewey Decimal Classification     Virtual Virtual Online 02/03/2009   ONLINE PUBLICATION 146815-2001 06/08/2019 1 06/08/2019 Journal article